Statistics for Click the Fate of Henry VIII’s Wives

Click here to take the quiz!

General Stats

  • This quiz has been taken 251 times
  • The average score is 5 of 6

Answer Stats

HintAnswer% Correct
2: Anne BoleynExecuted
96%
3: Jane SeymourDied
87%
5: Catherine HowardExecuted
87%
6: Catherine ParrSurvived
86%
1: Catherine of AragornSeparated
84%
4: Anne of CleavesSeparated
83%

Score Distribution

Percentile by Number Answered

Percent of People with Each Score

Your Score History

You have not taken this quiz